| 000 | 01163 a2200289 4500 | ||
|---|---|---|---|
| 999 |
_c533835 _d533835 |
||
| 003 | Nust | ||
| 005 | 20200122101753.0 | ||
| 008 | 170124b xxu||||| |||| 00| 0 eng d | ||
| 020 |
_a978-0007111466 _cRs. 200 |
||
| 038 | _aMSOHAIL | ||
| 040 |
_aDLC _bDLC _cNust |
||
| 082 | 0 | 0 |
_a823.912 _bCHR |
| 100 | 1 |
_aChristie, Agatha, _98918 |
|
| 245 | 1 | 4 |
_aThe secret adversary _cby Agatha Christie ; Yvonne Collioud Sisko, editor. |
| 260 |
_aLondon : _bHarper, _c1991. |
||
| 300 |
_axvii, 400 p. ; _c23 cm. |
||
| 440 | 2 |
_aA Longman annotated edition _911885 |
|
| 500 | _aIncludes index. | ||
| 500 | _a"This is the full and accepted text for this novel"--Pref. | ||
| 500 | _aA developmental English book which uses the text of Agatha Christie's The secret adversary as a foundation to improve students' reading and writing competencies. | ||
| 600 | 1 | 0 |
_aChristie, Agatha, _d1890-1976. _tSecret adversary. _911886 |
| 650 | 0 |
_aEnglish language _xRhetoric _93245 |
|
| 650 | 0 |
_aReport writing _93246 |
|
| 700 | 1 |
_aSisko, Yvonne Collioud. _911887 |
|
| 856 | 4 | 1 |
_3Table of contents only _uhttp://www.loc.gov/catdir/toc/ecip0715/2007014741.html |
| 942 |
_cBK _k823.912 CHR _2ddc |
||